000 00543nam a2200205Ia 4500
003 OSt
005 20230331093400.0
008 210423s2008 xx 000 0 und d
020 _a9788174466839
040 _cAL
041 _aeng
082 _a658.11 RAND
100 _aRANI (D Geeta );MISHRA(R K).
_980524
245 _aCorporate governance: theory and practice.
260 _aNew Delhi
_bExcel Books
_c2008
300 _axi,239
_bPB
365 _b250
_cINR
906 _aCorporate ; governance ; practice ; theory
942 _2ddc
_cBK
999 _c157662
_d157662